[Event "XIV Figueira da Foz Open 2020"]
[Site "Figueira da Foz"]
[Date "2020.10.28"]
[Round "6.1"]
[White "Grigoryan, Karen H."]
[Black "Batsiashvili, Nino"]
[Result "1-0"]
[WhiteElo "2658"]
[BlackElo "2467"]
[Annotator "TA"]
[PlyCount "81"]
[EventDate "2020.10.24"]
[EventType "swiss"]
[EventCountry "POR"]
[SourceTitle "playchess.com"]
[Source "ChessBase"]
[SourceQuality "1"]

{[%evp 13,81,5,14,20,16,8,14,-19,-13,-13,0,0,45,43,35,37,52,36,95,75,93,53,56,55,55,19,487,21,25,19,25,23,189,191,167,172,173,170,183,172,166,166,163,163,164,147,228,214,280,277,298,289,287,253,429,433,370,0,253,253,324,343,338,312,464,470,446,426,450,296]} 1. e4 c6 2. Nc3 d5 3. Nf3 dxe4 4. Nxe4 Nf6 5. Nxf6+ exf6 6. Bc4 Bd6 7. Qe2+ Qe7 8. Qxe7+ {B11: Caro-Kann: Two Knights Variation.} Kxe7 9. d4 Bf5 10. O-O {The position is equal.} Bxc2 11. Re1+ Kd8 12. Bxf7 Rf8 13. Be6 Na6 14. d5 c5 15. Be3 Bg6 ({Black should try} 15... Re8 $14) 16. Nd2 $16 Bd3 17. Rec1 {Strongly threatening Rc3.} b6 18. Rc3 $36 {[%mdl 2048] White has some pressure.} Bb5 $1 19. Nc4 Bd7 $2 {[%mdl 8192]} (19... Bxc4 $1 $11 20. Rxc4 Nc7) 20. a4 $2 (20. Nxd6 $18 Bxe6 21. dxe6) 20... Bxe6 21. dxe6 Ke7 $1 22. a5 b5 $2 (22... Nb4 $1 $11 {and Black is okay.}) 23. Nxd6 $18 Kxd6 24. Rd1+ Kxe6 {[#]} 25. Rcd3 $1 {[%cal Rd3d6] aiming for Rd6+.} Kf5 26. Rd6 Nc7 27. Rc6 Rf7 28. Rxc5+ Kg6 29. h4 {[%csl Gc5][%cal Rh4h5]} h5 (29... Re7 $16 30. h5+ Kf7) 30. Rd6 Re8 31. Rg5+ {[%mdl 64] Discovered Attack} Kh6 32. Rc6 Ree7 33. a6 ({Not} 33. Bxa7 Re1+ 34. Kh2 Ne6 $14) 33... b4 $2 (33... Kh7 34. Rxh5+ Kg8 35. Bxa7 Nxa6) 34. Re5+ Kg6 {[#]} 35. Rg5+ $2 (35. Rxe7 $1 $18 Rxe7 36. Bxa7) 35... Kh7 $2 {[%mdl 8192]} (35... Kh6 $1 $11 {and Black has nothing to worry.}) 36. Rxh5+ Kg6 37. Ra5 Ne6 38. Ra4 Nd8 (38... b3 {is a better defense.} 39. h5+ Kxh5 40. Bxa7 Rxa7) 39. Rc8 {White is clearly winning.} Rd7 40. Rxb4 Rd6 41. Rd4 {Av CentiPawn Loss W=-36/B=-47. Weighted=-54/-71} 1-0

[Event "XIV Figueira da Foz Open 2020"]
[Site "Figueira da Foz"]
[Date "2020.10.28"]
[Round "6.2"]
[White "Cumming, Rhys"]
[Black "Alshameary Puente, Ismael"]
[Result "1-0"]
[WhiteElo "2299"]
[BlackElo "2373"]
[Annotator "TA"]
[PlyCount "115"]
[EventDate "2020.10.24"]
[EventType "swiss"]
[EventCountry "POR"]
[SourceTitle "playchess.com"]
[Source "ChessBase"]
[SourceQuality "1"]

{[%evp 18,115,22,20,20,20,27,10,9,10,13,0,0,-6,0,0,22,0,47,39,82,75,79,84,78,77,132,83,80,66,128,104,190,182,155,145,149,148,148,147,182,108,102,100,104,92,101,39,41,38,38,38,39,39,36,16,39,42,39,46,48,40,116,116,110,102,218,217,191,181,166,119,113,111,168,110,258,258,251,249,324,324,324,324,622,611,29977,29977,29975,29976,29975,29975,29975,29976,29980,29976,29976,29977,29969,6346]} 1. e4 c5 2. Nf3 Nc6 3. Bb5 g6 4. O-O Bg7 5. Re1 Nf6 6. e5 Nd5 7. Nc3 Nc7 8. Bxc6 dxc6 9. Ne4 Ne6 10. d3 b6 {B31: Sicilian: 2...Nc6 3 Bb5 g6.} 11. Be3 Nd4 12. Nxd4 cxd4 {The position is equal.} 13. Bf4 O-O 14. h4 Qd5 15. h5 c5 16. Qf3 Bb7 17. Qg3 Qc6 18. e6 fxe6 19. hxg6 Rf5 20. gxh7+ Kh8 21. f3 $40 {[%mdl 128] Ng5 is the strong threat. White is out for blood.} Raf8 (21... e5 $142 22. Bg5 Re8) 22. Bd2 e5 23. Re2 a5 (23... Qe6 $14) 24. b3 $16 Kxh7 (24... a4 $16) 25. Ng5+ $1 $18 Kg8 26. Re4 {And now Rg4 would win.} R8f6 27. Rg4 ({Don't play} 27. Rxe5 $6 Rxe5 28. Qxe5 Rxf3 $14) 27... Rg6 28. Re1 Bc8 {[#]} 29. Ne4 (29. Ne6 $1 $18 {[%mdl 512]} Rxf3 (29... Qxe6 30. Rxg6) 30. Qxf3 (30. gxf3 Rxg4 31. Qxg4 Bxe6 $16) 30... Qxe6 31. Rxg6 Qxg6 32. Qa8) 29... Rxg4 $16 30. Qxg4 ({Of course not} 30. fxg4 $6 Rf8 $11) 30... Rf8 31. Qh4 (31. Qg5 {looks sharper.} Rf7 32. a4 Bf5 33. Ng3 Qg6 34. Nxf5 Qxf5 35. Qg3) 31... Qg6 32. Qg5 (32. Bg5 $16) 32... Qxg5 33. Bxg5 Kf7 34. a4 Bd7 35. Kf2 Rh8 36. Nd2 {Hoping for Nc4.} Rh5 37. f4 Be6 38. Nf3 exf4 39. Bxf4 {aiming for Ng5+.} Bd5 (39... Bg4 $14) 40. g4 $1 {[%cal Rg4h5]} Rh8 41. Kg3 Bxf3 (41... Rc8 $16 {is a better defense.}) 42. Kxf3 {[%mdl 4096] Endgame KRB-KRB} Rh3+ 43. Kg2 Rh8 44. Rh1 {Black must now prevent Rxh8.} Rc8 45. Kf3 Rc6 {[#]} (45... e6 $16) 46. Re1 ({Better is} 46. Ke4 $1 $18) 46... Ke8 {Black cannot hold the game after this.} (46... Rg6 $16 {was necessary.}) 47. g5 $18 Kf7 {[#]} 48. Kg4 $1 {[%cal Rg4h5]} Rc8 49. Kf5 Rc6 {[#]} 50. g6+ $1 {[%mdl 512]} Ke8 $2 (50... Rxg6 51. Rxe7+ {[%mdl 64] Deflection} Kxe7 52. Kxg6 Bf8) 51. Re6 Kd7 52. Rxc6 {White mates.} Kxc6 {KB-KB} 53. Be5 Bh6 54. g7 Bxg7 55. Bxg7 b5 56. Bf8 bxa4 57. bxa4 Kd6 58. Ke4 {Av CentiPawn Loss W=-31/B=-43. Weighted=-20/-41} 1-0

[Event "XIV Figueira da Foz Open 2020"]
[Site "Figueira da Foz"]
[Date "2020.10.28"]
[Round "6.3"]
[White "Janik, Igor"]
[Black "Antolak, Julia"]
[Result "1/2-1/2"]
[WhiteElo "2489"]
[BlackElo "2313"]
[Annotator "TA"]
[PlyCount "67"]
[EventDate "2020.10.24"]
[EventType "swiss"]
[EventCountry "POR"]
[SourceTitle "playchess.com"]
[Source "ChessBase"]
[SourceQuality "1"]

{[%evp 18,67,28,21,61,25,56,42,88,84,74,58,70,62,63,48,52,46,63,0,0,0,0,0,0,0,0,0,30,35,29,18,27,27,75,66,74,13,13,13,13,13,12,15,19,-28,-25,-22,-28,-27,-22,-26]} 1. Nf3 Nf6 2. c4 g6 3. g3 Bg7 4. Bg2 O-O 5. Nc3 c6 6. d4 d5 7. Qb3 dxc4 8. Qxc4 Na6 9. O-O Be6 10. Qa4 Qc8 {D78: Fianchetto Grünfeld: 6 0-0 c6.} 11. Rd1 Rd8 {[#]} 12. Ng5 $146 ({Predecessor:} 12. Bf4 Nh5 13. Be3 h6 14. a3 Nc7 15. Rac1 g5 16. Ne5 Nf6 17. f3 Nd7 18. Nxd7 Qxd7 {0-1 (47) Mathe,K (1979)-Rendi,E (2116) Targu Mures 2014}) 12... h6 {[#] And now ...b5 would win.White is slightly better.} 13. Nxe6 Qxe6 14. e3 Nd7 15. Qc2 Nb6 16. b3 Nb4 17. Qd2 c5 {White should prevent ...cxd4.} 18. Ne4 ({Much worse is} 18. Bxb7 Rab8 $15) (18. Ba3 $14) 18... Na6 $11 {[%cal Bb4a6,Ba6c5,Bc5e4][%mdl 32]} 19. Bb2 f5 20. Nc3 cxd4 21. exd4 Rxd4 22. Qc1 $1 Nc5 {[#] Threatens to win with ...Nd3.} 23. Rxd4 Bxd4 24. Qd2 Bg7 $1 25. Re1 Qf7 26. Ba3 Rc8 {Black wants to play ...Nxb3.} 27. Nb5 ({Better is} 27. Nd5 $16 e6 28. Bxc5 Rxc5 29. Nxb6 axb6 30. Qd6) 27... Ne4 $1 {[%cal Re4d2]} 28. Bxe4 fxe4 29. Rxe4 Qd5 30. Qxd5+ Nxd5 31. Nxa7 (31. Rc4 $5 {[%cal Rc4c8]} Nb6 32. Rc7 $11) 31... Ra8 32. Bc5 $1 b6 33. Bxb6 $1 Nxb6 34. Rxe7 {Av CentiPawn Loss W=-11/B=-10. Weighted=-12/-12} 1/2-1/2

[Event "XIV Figueira da Foz Open 2020"]
[Site "Figueira da Foz"]
[Date "2020.10.28"]
[Round "6.4"]
[White "Taboas Rodriguez, Daniel"]
[Black "Fernandes, Miguel A. Murtinho"]
[Result "1-0"]
[WhiteElo "2365"]
[BlackElo "2139"]
[Annotator "TA"]
[PlyCount "151"]
[EventDate "2020.10.24"]
[EventType "swiss"]
[EventCountry "POR"]
[SourceTitle "playchess.com"]
[Source "ChessBase"]
[SourceQuality "1"]

{[%evp 15,151,14,17,1,3,11,5,-7,-5,-6,-6,-12,-11,-11,-7,-24,-10,-10,-16,-11,31,14,12,0,0,0,0,0,34,30,47,15,8,0,29,0,0,0,0,0,0,0,0,0,0,0,0,0,0,0,0,0,0,0,0,0,12,12,12,12,12,12,12,12,12,12,12,0,12,12,12,12,12,0,0,0,0,0,0,0,0,0,0,0,0,0,0,0,0,0,12,0,12,11,12,0,0,0,0,0,0,0,0,0,0,0,0,0,0,-195,-133,-140,0,0,0,0,8,8,8,8,8,8,8,8,8,8,8,8,29977,29978,29978,29979,29982,29983,29983,29984,29984,29985]} 1. d4 d5 2. Nf3 Nf6 3. c4 c6 4. cxd5 cxd5 5. Nc3 Nc6 6. Bf4 a6 7. Rc1 Bf5 8. e3 Rc8 9. Ne5 {D13: Slav Defence: Exchange variation without ...Bf5.} Nxe5 10. Bxe5 Nd7 11. Bg3 {The position is equal.} e6 12. Bd3 Bxd3 13. Qxd3 Be7 14. O-O O-O 15. Rc2 h5 16. h3 h4 17. Bf4 Nb8 18. Bxb8 Rxb8 19. Rfc1 Qd7 20. Nb1 {[%cal Bc3b1,Bb1d2,Bd2f3][%mdl 32]} Rfc8 21. Nd2 b5 22. Nf3 Bf6 23. Rc3 b4 24. Rc5 Qb7 25. b3 (25. Qc2 $5 {[%cal Rc5c8]} Rxc5 26. Qxc5 $14) 25... Rxc5 26. Rxc5 Be7 27. Rc2 Rc8 28. Qd2 Rxc2 29. Qxc2 Bf6 30. Ne1 Be7 31. Nd3 Bd6 32. Kf1 g6 33. Ke2 a5 34. Kd1 Kg7 35. f4 Qc7 36. Qxc7 Bxc7 $11 {[%mdl 4096] Endgame KB-KN} 37. Ne1 Bd8 38. Nf3 Bf6 39. Ke2 Bd8 40. Ne5 Bc7 41. Nf3 Bd8 $1 42. Kd3 f5 43. Kc2 Be7 44. Ne5 Bd6 45. Nc6 Bc7 $1 46. Kb2 Kf6 47. Kc2 Kg7 48. Kd2 Kf6 49. Kd3 Kg7 50. Kc2 Kf7 51. Kd3 Kg7 52. Ne5 Bd8 53. Kc2 Kf6 54. Kb2 Kg7 $1 55. Nc6 Bc7 56. a3 Bd6 $1 57. Nxa5 bxa3+ 58. Ka2 Bb4 59. Nc6 Bd2 60. b4 Bxe3 61. b5 Bxf4 62. Kxa3 $2 (62. Ne5 $1 $11 {and White is okay.} Be3 63. Nf3) 62... Bc7 (62... Bd6+ $19 63. Kb3 Bc7) 63. Kb4 $17 g5 (63... Bb6 $17 64. Kc3 Kf6) 64. Kc5 $11 g4 {[#] ...f4 is the strong threat.} 65. Ne5 gxh3 66. gxh3 {Hoping for b6.} f4 {White must now prevent ...Bxe5.} 67. Nf3 {And now b6 would win.} Kf6 68. b6 Bxb6+ $1 69. Kxb6 {KN-KP} Kf5 70. Kc5 {aiming for Nd2.} Ke4 71. Nxh4 Ke3 $2 {[%mdl 8192] [#]} (71... e5 $11 72. dxe5 Kxe5) 72. Ng6 $1 {White mates.} Ke4 73. Ne5 Kf5 74. h4 Kf6 75. Kd6 Kf5 76. h5 {Never resign too early! Av CentiPawn Loss W=-5/B=-21. Weighted=-5/-24} 1-0

[Event "XIV Figueira da Foz Open 2020"]
[Site "Figueira da Foz"]
[Date "2020.10.28"]
[Round "6.5"]
[White "Djuric, Stefan"]
[Black "Martin Duque, Jesus"]
[Result "0-1"]
[WhiteElo "2358"]
[BlackElo "2426"]
[Annotator "TA"]
[PlyCount "112"]
[EventDate "2020.10.24"]
[EventType "swiss"]
[EventCountry "POR"]
[SourceTitle "playchess.com"]
[Source "ChessBase"]
[SourceQuality "1"]

{[%evp 12,112,-4,-4,1,-11,-8,-7,-10,-12,-11,-14,-11,-6,-14,-8,0,0,0,0,0,-18,0,-14,-17,-39,-24,-58,-67,-68,-68,-90,-62,-114,-116,-143,-134,-150,-166,-122,-155,-169,-182,-173,-160,-183,-78,-160,-156,-169,-166,-179,-216,-297,-241,-257,0,-474,-481,-472,-447,-429,-407,-691,-654,-627,-526,-488,-420,-656,-605,-711,-708,-702,-650,-1208,-856,-492,-1213,-1282,-1136,-1065,-877,-552,-477,-1117,-1204,-2319,-1178,-2285,-1548,-5281,-5477,-5346,-5266,-5058,-5058,-29948,-9818,-6593,-5604,-5700,-4618]} 1. Nf3 Nf6 2. c4 b6 3. Nc3 Bb7 4. d4 e6 5. g3 Bb4 6. Bg2 Bxc3+ $1 {[%mdl 4] is now more promising than 6...0-0.} 7. bxc3 d6 {E21: Nimzo-Indian: 4 Nf3.} 8. Qa4+ Nbd7 9. O-O O-O {[#] The position is equal.} 10. Bg5 $146 ({Predecessor:} 10. Rd1 Qe7 11. Ne5 Bxg2 12. Nxd7 Nxd7 13. Kxg2 e5 14. Qc6 Rac8 15. e3 Rfe8 16. Ba3 Nb8 17. Qb7 c5 18. Qxe7 Rxe7 19. d5 e4 {0-1 (19) Vanparys,P (2141)-Aleksic,N (2348) Erice 2014}) 10... h6 11. Bxf6 Nxf6 12. Nd2 Bxg2 13. Kxg2 c5 14. e4 cxd4 15. cxd4 e5 16. Qa3 Re8 17. Qd3 Rc8 18. a4 Nd7 19. f4 exd4 20. Qxd4 Nc5 21. h4 Qc7 22. Rf3 (22. Qd5 $15) 22... Qc6 $17 {[%cal Rc5e4]} 23. Re1 Nxa4 24. g4 Nc5 25. g5 h5 26. Qd5 Qxd5 27. cxd5 b5 28. Rfe3 f6 (28... a5 $19 {has better winning chances.} 29. Rb1 b4) 29. Nf3 ({White should play} 29. gxf6 gxf6 30. Nf1) 29... b4 30. Nd4 a5 31. Nf5 Rcd8 32. Rc1 fxg5 (32... Rxe4 33. Rxe4 Nxe4 34. Rc7 $17) (32... Nxe4 33. Rc7 $16) 33. hxg5 b3 $2 {[#]} ({Weaker is} 33... Nxe4 34. Rc7 $16) (33... Rxe4 $19 34. Rxc5 Rxe3) 34. Rxc5 $2 {[%mdl 8192]} (34. g6 $1 $11) 34... dxc5 $19 35. Rxb3 Rxe4 $11 {[%mdl 4096] Endgame KRR-KRN} 36. Kf3 Rb4 37. Rd3 (37. Rc3 $142 Rb5 38. Re3) 37... c4 $19 38. Rd1 Kf8 39. Nd4 Re8 40. Ne6+ (40. d6 $142 Rb6 41. Ne6+ Rxe6 42. d7 Rb3+ 43. Kf2) 40... Kf7 41. f5 {Now d6 and White clings on.} c3 42. d6 c2 43. g6+ {[#]} Kf6 $1 44. Rc1 Rxe6 45. fxe6 Kxe6 {Threatens to win with ...Rb2.} 46. Rxc2 Kxd6 {KR-KR} 47. Rc8 Ke6 48. Rc5 (48. Rc6+ $142 Kf5 49. Rc5+ Kxg6 50. Rxa5) 48... a4 49. Rxh5 Kf6 50. Ra5 Kxg6 51. Ra6+ Kh5 52. Ra8 g6 53. Kg3 Rb3+ 54. Kf4 g5+ 55. Kf5 Rf3+ 56. Ke4 Rf4+ {Av CentiPawn Loss W=-50/B=-106. Weighted=-67/-73} 0-1

[Event "XIV Figueira da Foz Open 2020"]
[Site "Figueira da Foz"]
[Date "2020.10.28"]
[Round "6.7"]
[White "Varela La Madrid, Tilsia Carolina"]
[Black "Loeffler, Stefan"]
[Result "1-0"]
[WhiteElo "2060"]
[BlackElo "2352"]
[Annotator "TA"]
[PlyCount "75"]
[EventDate "2020.10.24"]
[EventType "swiss"]
[EventCountry "POR"]
[SourceTitle "playchess.com"]
[Source "ChessBase"]
[SourceQuality "1"]

{[%evp 15,74,31,66,7,15,0,11,0,7,-25,35,8,44,33,43,39,82,45,43,27,99,87,76,58,65,53,91,97,110,88,88,78,262,112,155,139,145,135,112,112,510,202,471,198,403,290,321,312,615,614,606,606,800,781,29996,29997,29997,29998,29998,29999,29999]} 1. e4 Nf6 2. e5 Nd5 3. c4 Nb6 4. d4 d6 5. f4 dxe5 6. fxe5 Bf5 7. Nf3 e6 8. Nc3 Bb4 9. Be2 {B03: Alekhine's Defence: Four Pawns Attack.} (9. Bd3 $14) 9... c5 $11 10. a3 {[%cal Ba2a3,Ba3a4,Ba4a5][%mdl 32]} Bxc3+ $1 11. bxc3 {The position is equal.} Nc6 12. O-O Rc8 (12... O-O $11) 13. a4 $14 (13. dxc5 Qxd1 14. Bxd1 Nxc4 $17) 13... Na5 14. Ba3 Nbxc4 15. Bxc5 Qd5 16. Bxc4 ({But not} 16. Bxa7 b6 $11) 16... Nxc4 17. a5 Nb2 (17... b6 $11 {keeps the balance.} 18. axb6 axb6 19. Qa4+ Qd7) 18. Qd2 $16 Nd3 19. Ba3 {Hoping for Qg5.} h6 20. Bd6 Rc6 21. Ne1 Nxe1 22. Rfxe1 Kd7 23. Qb2 Kc8 $2 {[#]} (23... Rc4 $16 {was worth a try.}) 24. Ra4 (24. c4 $1 $18 {[%mdl 512] is more deadly.} Rxc4 25. Rac1) 24... Bd3 25. Rb4 $36 {[%mdl 2048] White is on the roll.} Rc4 26. Re3 Rxb4 27. cxb4 Bb5 $2 {[%mdl 8192]} (27... Bc4 $16 {is tougher.}) 28. Rg3 $2 (28. Rc3+ Kd8 29. Rc7) 28... Rg8 $2 (28... Bc6 29. Rxg7 Qe4) 29. h3 (29. Rc3+ $142 Bc6 30. b5 {[%mdl 64] Pin} Qxd4+ 31. Kf1 Qf4+ 32. Qf2 Qxf2+ 33. Kxf2) 29... Bc6 $2 (29... Kd7 30. Qf2 f5) 30. Bc5 a6 31. Qf2 Qd7 $2 (31... Qd8 32. d5 (32. Qxf7 Qe8 $16) 32... Bxd5) 32. Bd6 $18 f5 33. d5 exd5 34. Qa7 {[%csl Gd6][%cal Ra7b8]} Qf7 35. Qb8+ {White mates.} Kd7 36. Qc7+ Ke6 {[#]} 37. Rg6+ $1 {[%mdl 576] Deflection} Qxg6 38. Qe7# {Av CentiPawn Loss W=-39/B=-99. Weighted=-69/-135} 1-0

[Event "XIV Figueira da Foz Open 2020"]
[Site "Figueira da Foz"]
[Date "2020.10.28"]
[Round "6.8"]
[White "Dias, Paulo"]
[Black "Silva, Pedro Gil Ferreira D"]
[Result "1-0"]
[WhiteElo "2338"]
[BlackElo "2034"]
[Annotator "RC"]
[PlyCount "83"]
[EventDate "2020.10.24"]
[EventType "swiss"]
[EventCountry "POR"]
[SourceTitle "playchess.com"]
[Source "ChessBase"]
[SourceQuality "1"]
[TimeControl "40/5400+30:1800+30"]

1. d4 {[%emt 0:03:34]} d5 {[%emt 0:00:00]} 2. c4 {[%emt 0:00:27]} dxc4 {[%emt 0:00:00]} 3. Nf3 {[%emt 0:01:10]} Nf6 {[%emt 0:00:10]} 4. e3 {[%emt 0:02:03]} b5 {[%emt 0:01:21]} 5. a4 {[%emt 0:05:20]} b4 {[%emt 0:07:18]} 6. Bxc4 {[%emt 0:00:32]} e6 {[%emt 0:00:15]} 7. O-O {[%emt 0:04:44]} Be7 {[%emt 0:01:04]} 8. Nbd2 {[%emt 0:03:17]} Bb7 {[%emt 0:01:26]} 9. Qe2 {[%emt 0:02:20]} O-O {[%emt 0:02:23]} 10. e4 {[%emt 0:01:39]} c5 {[%emt 0:02:46]} 11. dxc5 {[%emt 0:03:49]} Nbd7 {[%emt 0:01:32]} 12. e5 {[%emt 0:07:14]} Nd5 {[%emt 0:01:52]} 13. Ne4 {[%emt 0:01:54]} Nxc5 {[%emt 0:02:01]} 14. Nxc5 {[%emt 0:00:39]} Bxc5 {[%emt 0:00:34]} 15. Ng5 {[%emt 0:01:05]} Be7 {[%emt 0:09:45]} 16. Qg4 {[%emt 0:06:14]} Rc8 {[%emt 0:16:32]} 17. Bd3 {[%emt 0:06:15]} Rxc1 {[%emt 0:15:55]} 18. Bxh7+ {[%emt 0:18:55]} Kh8 {[%emt 0:00:13]} 19. Nxf7+ {[%emt 0:00:42]} Rxf7 {[%emt 0:00:18]} 20. Bg6 {[%emt 0:04:06]} Rxf1+ {[%emt 0:00:18]} 21. Rxf1 {[%emt 0:00:27]} Rf5 {[%emt 0:05:01]} 22. Qh3+ {[%emt 0:01:01]} Bh4 {[%emt 0:00:32]} 23. Bxf5 {[%emt 0:00:20]} exf5 {[%emt 0:00:03]} 24. g3 {[%emt 0:01:14]} Kg8 {[%emt 0:01:39]} 25. Qxh4 {[%emt 0:06:20]} Qxh4 {[%emt 0:00:25]} 26. gxh4 {[%emt 0:00:02]} f4 {[%emt 0:05:01]} 27. f3 {[%emt 0:03:55]} Kf7 {[%emt 0:02:16]} 28. Kf2 {[%emt 0:00:03]} g6 {[%emt 0:01:30]} 29. Rg1 {[%emt 0:03:52]} Bc8 {[%emt 0:05:46]} 30. Ke2 {[%emt 0:02:49]} Bd7 {[%emt 0:03:18]} 31. a5 {[%emt 0:00:47]} Bf5 {[%emt 0:08:08]} 32. Rc1 {[%emt 0:00:33]} b3 {[%emt 0:01:08]} 33. Rc6 {[%emt 0:01:39]} a6 {[%emt 0:02:19]} 34. Kd2 {[%emt 0:02:22]} Nb4 {[%emt 0:02:22]} 35. Rb6 {[%emt 0:00:59]} Nc2 {[%emt 0:00:45]} 36. Rxa6 {[%emt 0:01:47]} Nd4 {[%emt 0:00:20]} 37. Rf6+ {[%emt 0:01:09]} Ke7 {[%emt 0:00:20]} 38. a6 {[%emt 0:00:54]} Nxf3+ {[%emt 0:01:29]} 39. Kc3 {[%emt 0:00:16]} Be4 {[%emt 0:00:30]} 40. Rxf4 {[%emt 0:00:00]} Ba8 {[%emt 0:00:00]} 41. Rb4 {[%emt 0:05:25]} Nxe5 {[%emt 0:00:26]} 42. Rb8 {[%emt 0:00:19]} 1-0

[Event "XIV Figueira da Foz Open 2020"]
[Site "Figueira da Foz"]
[Date "2020.10.28"]
[Round "6.9"]
[White "Santos, Antonio P"]
[Black "Santos, Jose Guilherme B Lim"]
[Result "0-1"]
[WhiteElo "2123"]
[BlackElo "2229"]
[Annotator "TA"]
[PlyCount "80"]
[EventDate "2020.10.24"]
[EventType "swiss"]
[EventCountry "POR"]
[SourceTitle "playchess.com"]
[Source "ChessBase"]
[SourceQuality "1"]

{[%evp 18,80,29,14,19,23,12,3,39,40,48,30,49,42,49,59,54,6,5,10,4,9,27,27,33,38,74,73,68,0,110,68,145,101,94,46,165,163,159,-150,-156,-162,-152,-296,-291,-351,-345,-352,-352,-352,-325,-400,-412,-416,-408,-495,-444,-461,-476,-430,-414,-768,-762,-29981,-5691]} 1. d4 Nf6 2. c4 e6 3. Nf3 b6 4. a3 Bb7 5. Nc3 d5 6. cxd5 exd5 7. g3 Be7 8. Bg2 O-O 9. O-O c5 10. Bg5 h6 {E12: Queen's Indian: Unusual White 4th moves, 4 a3, 4 Nc3 Bb7 5 a3 and 4 Nc3 Bb7 .} 11. Bxf6 Bxf6 12. b4 cxb4 {The position is equal.} 13. axb4 Nc6 14. b5 Na5 15. e3 Rc8 16. Qd3 Qe7 17. Ne5 Bxe5 18. dxe5 Qxe5 19. Nxd5 Rc5 {[%cal Rb7d5]} 20. Rfd1 Kh8 21. Ra4 Rfc8 22. Rd4 Qe8 23. h4 ({White should play} 23. Bh3 $14 Ra8 24. Bd7) 23... Qf8 (23... Qxb5 $11 24. Qxb5 Rxb5) 24. Qf5 Bxd5 (24... Re8 $14) 25. Bxd5 Rxb5 26. Qd7 a6 (26... Rbc5 $1 $14) 27. Bxf7 $18 Nc6 28. Bg6 $2 (28. Rd5 $16 {keeps the pressure on.}) 28... Nxd4 $17 29. Rxd4 {[#]} Rbc5 $1 30. Rf4 (30. Bd3 $17 {was called for.}) 30... Qd8 $19 31. Qg4 Rc1+ 32. Kg2 Qd1 33. Qxd1 Rxd1 {[%mdl 4096] Endgame KRR-KRB} 34. Rf7 b5 {[%cal Bb6b5,Bb5b4,Bb4b3][%mdl 32]} 35. Ra7 Rd6 36. h5 Rb6 37. e4 b4 38. e5 {and the idea e6 leaves White hopeful.} b3 {...Rxg6! is the strong threat.} 39. f4 {[#]} (39. Bb1 $142) 39... Rxg6 $1 {[%mdl 576] Promotion} 40. hxg6 Rb8 {Av CentiPawn Loss W=-75/B=-49. Weighted=-70/-36} 0-1

[Event "XIV Figueira da Foz Open 2020"]
[Site "Figueira da Foz"]
[Date "2020.10.28"]
[Round "6.10"]
[White "Torres Dominguez, David"]
[Black "Garcia Dorado, Alberto"]
[Result "0-1"]
[WhiteElo "2029"]
[BlackElo "2181"]
[Annotator "TA"]
[PlyCount "100"]
[EventDate "2020.10.24"]
[EventType "swiss"]
[EventCountry "POR"]
[SourceTitle "playchess.com"]
[Source "ChessBase"]
[SourceQuality "1"]

{[%evp 9,100,18,22,0,0,0,0,6,15,-4,0,-23,-31,-4,6,1,1,7,16,18,54,45,42,37,57,31,52,54,69,36,57,0,0,0,0,0,0,0,0,0,0,0,0,0,0,0,0,0,0,0,16,13,0,-56,-23,-62,-68,-78,-62,-80,-36,-36,-20,-63,-56,-53,-50,-43,-25,-59,-76,-244,0,0,0,0,8,-802,-801,-522,-603,-789,-449,-29976,-29977,-29977,-29978,-29978,-29979,-29978,-29979,-29969,-29975]} 1. e4 Nf6 2. d3 d5 3. e5 Nfd7 4. f4 c5 5. Nf3 e6 6. Be2 {B02: Alekhine's Defence: Chase Variation and lines with early Nc3.} Be7 7. O-O O-O 8. c4 {The position is equal.} d4 9. Na3 Nc6 10. Nc2 f6 11. exf6 Bxf6 12. Ng5 Bxg5 13. fxg5 e5 14. Bf3 Ne7 15. Qe2 Rb8 16. Bd2 b6 17. h4 Bb7 18. Bxb7 Rxb7 19. h5 Rc7 20. g4 (20. Na3 $14) 20... Rc6 $11 21. Rxf8+ Qxf8 22. Rf1 Qe8 23. Qe4 Re6 24. Ne1 Nf8 25. Nf3 Qc6 26. Re1 Qxe4 27. Rxe4 Nc6 28. Be1 Nd7 29. a3 g6 30. Bg3 Kf7 31. Re2 (31. Nd2 $11) 31... e4 $1 $15 {[%cal Re4f3]} 32. Rxe4 Rxe4 33. dxe4 $11 {[%mdl 4096] Endgame KBN-KNN} Ke6 34. Nh4 Nde5 35. b3 a6 36. Kf1 b5 $1 ({Of course not} 36... Nxg4 $6 37. hxg6 hxg6 38. Nxg6 $14) 37. cxb5 axb5 {...c4 is the strong threat.} 38. Ke1 c4 39. bxc4 $1 bxc4 {White must now prevent ...c3.} 40. Kd2 $2 {[#]} (40. Kd1 $17) 40... Kf7 $2 (40... c3+ $1 $19 41. Kc1 Nc4) 41. Bxe5 Nxe5 {KN-KN} 42. a4 Ke6 43. hxg6 $2 {[%mdl 8192]} (43. a5 $11 c3+ 44. Kc2) 43... hxg6 $19 44. a5 {[#]} Kd6 $1 {[%cal Rd6c6]} 45. a6 {Strongly threatening a7.} Kc6 46. Nf5 (46. Kc2 $19 Kb6 47. Nf5) 46... gxf5 {Black mates.} 47. gxf5 Nf3+ {[%mdl 64] Double Attack} 48. Ke2 Nxg5 49. e5 c3 50. e6 Nh7 {Av CentiPawn Loss W=-50/B=-16. Weighted=-47/-18} 0-1